Experimental determination of free EDGE delamination in composite laminates under tensile loading (Record no. 322849)

000 -LEADER
fixed length control field 00432 a2200133 4500
001 - CONTROL NUMBER
control field 87776
082 ## - DEWEY DECIMAL CLASSIFICATION NUMBER
Classification number PR 153
090 ## - LOCALLY ASSIGNED LC-TYPE CALL NUMBER (OCLC); LOCAL CALL NUMBER (RLIN)
-- 41235
-- 41235
100 ## - MAIN ENTRY--PERSONAL NAME
Personal name Faheem, Plt Off 15500, 70EC
245 ## - TITLE STATEMENT
Title Experimental determination of free EDGE delamination in composite laminates under tensile loading
260 ## - PUBLICATION, DISTRIBUTION, ETC.
Place of publication, distribution, etc. Risalpur
Name of publisher, distributor, etc. NUST Rislapur
Date of publication, distribution, etc. 2011
300 ## - PHYSICAL DESCRIPTION
Extent 51p.
Accompanying material Zia Mahmood, Sqn Ldr; Babar Saeed, Wg Cdr
500 ## - GENERAL NOTE
General note BE Project Reports
942 ## - ADDED ENTRY ELEMENTS (KOHA)
Institution code [OBSOLETE] CAE NUST
Call number prefix PR 153
Holdings
Withdrawn status Lost status Damaged status Not for loan Collection code Permanent Location Current Location Date acquired Total Checkouts Full call number Barcode Date last seen Price effective from Koha item type
          College of Aeronautical Engineering (CAE) College of Aeronautical Engineering (CAE) 04/03/2017   PR 153 CAEPR-153 04/05/2017 04/05/2017 Book
© 2023 Central Library, National University of Sciences and Technology. All Rights Reserved.